[Event "Berlin Eckbauer op 11th"]
[Site "Berlin"]
[Date "2008.09.29"]
[Round "4.22"]
[White "Schneider, Eckehard"]
[Black "Hoffmann, Axel"]
[Result "1-0"]
[WhiteElo "1802"]
[BlackElo "1426"]
[PlyCount "143"]
[EventDate "2008.09.08"]
[EventType "swiss"]
[EventRounds "6"]
[EventCountry "GER"]
[SourceTitle "EXT 2022"]
[Source "ChessBase"]
[SourceDate "2021.10.06"]
[SourceVersion "1"]
[SourceVersionDate "2021.10.06"]
[SourceQuality "1"]

1. e4 c5 2. c3 d5 3. exd5 Qxd5 4. d4 Nc6 5. Nf3 Nf6 6. Be2 cxd4 7. cxd4 e6 8. 0-0 Be7 9. Nc3 Qd6 10. Nb5 Qd8 11. Bf4 Nd5 12. Bg3 0-0 13. a3 Bf6 14. Qd3 Bd7 15. Nd6 Qb6 16. Nc4 Qd8 17. Bd1 Nce7 18. Bc2 Nf5 19. Ne3 Ndxe3 20. fxe3 g6 21. Bf4 Qb6 22. Rf2 Rac8 23. b4 a5 24. Rb1 Bb5 25. Qd2 a4 26. Be5 Bxe5 27. Nxe5 f6 28. Nd3 e5 29. Nc5 exd4 30. exd4 Nd6 31. Nxa4 Bxa4 32. Bxa4 Ne4 33. Qd3 Nxf2 34. Kxf2 Rfd8 35. Rd1 Kg7 36. Kf1 Rd6 37. d5 Qa7 38. Bb5 b6 39. Re1 Qf7 40. Rd1 f5 41. a4 Qf6 42. Qe2 f4 43. Bc6 Rf8 44. Rd3 Rxc6 45. dxc6 Qxc6 46. Qe5+ Kg8 47. Qd5+ Qxd5 48. Rxd5 Rf7 49. Rb5 Ra7 50. Rxb6 Rxa4 51. b5 Ra2 52. Rb7 Rb2 53. b6 h5 54. h4 Kf8 55. Ke1 Ke8 56. Kd1 Kd8 57. Kc1 Rb4 58. Kc2 Kc8 59. Rc7+ Kb8 60. Rc6 f3 61. gxf3 Rxh4 62. Rxg6 Kb7 63. Kd3 Rb4 64. Ke3 Rxb6 65. Rxb6+ Kxb6 66. Kf4 Kc6 67. Kg5 h4 68. Kxh4 Kd6 69. Kg5 Ke7 70. Kg6 Kf8 71. Kf6 Kg8 72. f4 1-0

[Event "Berlin Eckbauer op 11th"]
[Site "Berlin"]
[Date "2008.09.15"]
[Round "2.23"]
[White "Weinrich, Karl Heinz"]
[Black "Hoffmann, Axel"]
[Result "1-0"]
[WhiteElo "1619"]
[BlackElo "1426"]
[PlyCount "94"]
[EventDate "2008.09.08"]
[EventType "swiss"]
[EventRounds "6"]
[EventCountry "GER"]
[SourceTitle "EXT 2022"]
[Source "ChessBase"]
[SourceDate "2021.10.06"]
[SourceVersion "1"]
[SourceVersionDate "2021.10.06"]
[SourceQuality "1"]

1. c4 Nf6 2. Nc3 e6 3. g3 d5 4. d4 c6 5. c5 Nbd7 6. Nf3 Be7 7. Bg2 0-0 8. 0-0 a5 9. Bd2 b6 10. cxb6 Nxb6 11. b3 c5 12. dxc5 Bxc5 13. Bg5 h6 14. Bf4 Ba6 15. Be5 Qe7 16. Re1 Rfc8 17. Rc1 Bb4 18. Rf1 Nbd7 19. Bd4 e5 20. Nxe5 Nxe5 21. Bxd5 Nc6 22. Bxf6 Qxf6 23. Ne4 Qg6 24. Nc5 Qf6 25. Nxa6 Rxa6 26. Qd3 Ne7 27. Rxc8+ Nxc8 28. Bb7 Rd6 29. Qc4 Nb6 30. Qe4 Nd7 31. Qe8+ Nf8 32. Bf3 Qb2 33. Bh5 g6 34. Bf3 Qxa2 35. Rc1 Qxb3 36. Rc8 Rd1+ 37. Kg2 a4 38. Bc6 a3 39. Ba4 Qd5+ 40. f3 Re1 41. Rc7 Bc5 42. g4 Qe6 43. Qxe6 Nxe6 44. Rc8+ Kg7 45. Bb3 Rg1+ 46. Kh3 Ng5+ 47. Kh4 Bf2# 1-0

[Event "Zehlendorf op"]
[Site "Berlin"]
[Date "2007.11.02"]
[Round "3"]
[White "Von Jutrzenka, Robert"]
[Black "Hoffmann, Axel"]
[Result "1-0"]
[WhiteElo "1782"]
[BlackElo "1375"]
[PlyCount "55"]
[EventDate "2007.10.11"]
[EventType "swiss"]
[EventRounds "7"]
[EventCountry "GER"]
[SourceTitle "EXT 2010"]
[Source "ChessBase"]
[SourceDate "2010.11.25"]
[SourceVersion "1"]
[SourceVersionDate "2010.11.25"]
[SourceQuality "1"]

1. d4 d5 2. c4 c6 3. Nf3 e6 4. Nc3 dxc4 5. a4 Bb4 6. e4 b5 7. Be2 Bb7 8. 0-0 Nd7 9. axb5 Bxc3 10. bxc6 Bxc6 11. bxc3 Nb6 12. Ne5 Bb5 13. Ba3 f6 14. Bh5+ g6 15. Qg4 fxe5 16. Qxe6+ Ne7 17. Qxe5 Kf7 18. Qxb5 gxh5 19. Qxh5+ Ng6 20. g3 Qe8 21. f4 Qxe4 22. Rae1 Qd5 23. Re5 Qc6 24. f5 Kg7 25. f6+ Kg8 26. Qh6 Qxf6 27. Rxf6 Nd7 28. Rxg6+ 1-0

[Event "Zehlendorf op"]
[Site "Berlin"]
[Date "2007.10.25"]
[Round "2"]
[White "Hoffmann, Axel"]
[Black "Boettcher, Patrick"]
[Result "0-1"]
[WhiteElo "1375"]
[BlackElo "2058"]
[PlyCount "80"]
[EventDate "2007.10.11"]
[EventType "swiss"]
[EventRounds "7"]
[EventCountry "GER"]
[SourceTitle "EXT 2010"]
[Source "ChessBase"]
[SourceDate "2010.11.25"]
[SourceVersion "1"]
[SourceVersionDate "2010.11.25"]
[SourceQuality "1"]

1. e4 c5 2. Nf3 Nc6 3. d4 cxd4 4. Nxd4 Nf6 5. Nc3 e5 6. Ndb5 d6 7. Bg5 a6 8. Na3 b5 9. Bxf6 gxf6 10. Nd5 f5 11. Bd3 Be6 12. c4 Qa5+ 13. Qd2 Qxd2+ 14. Kxd2 Bh6+ 15. Kd1 Bxd5 16. exd5 Nd4 17. cxb5 e4 18. Bc4 Rb8 19. Nc2 Nxc2 20. Kxc2 axb5 21. Bb3 Rg8 22. g3 Rc8+ 23. Kd1 Ke7 24. Ke2 f4 25. f3 f5 26. Rab1 Kf6 27. Rbd1 Ke5 28. Kf2 Rc5 29. Rhe1 e3+ 30. Kg2 fxg3 31. hxg3 Bf4 32. g4 h5 33. Rh1 hxg4 34. Rhg1 Rcc8 35. fxg4 Rxg4+ 36. Kf3 Rcg8 37. Rxg4 Rxg4 38. a4 Rg3+ 39. Ke2 Rg2+ 40. Kf1 Rxb2 0-1